Právne formy podnikov bakalárska práca

Salvato in:
Dettagli Bibliografici
Autore principale: Záhorcová, Daniela
Ente Autore: Fakulta podnikového manažmentu EU. Katedra podnikovohospodárska
Altri autori: Matušovič, Martin
Natura: Libro
Lingua:slovacco
Pubblicazione: Bratislava 2009
Tags: Aggiungi Tag
Nessun Tag, puoi essere il primo ad aggiungerne!!

MARC

LEADER 00000nam$a2200000$$$4500
001 0102271
005 20240319130247.8
041 0 |a slo 
044 |a SK 
245 1 0 |a Právne formy podnikov  |b bakalárska práca  |c Daniela Záhorcová ; škol. Martin Matušovič 
264 1 |a Bratislava  |c 2009 
300 |a 46 s. 
100 1 |a Záhorcová, Daniela 
700 1 |a Matušovič, Martin 
710 2 |a Fakulta podnikového manažmentu EU. Katedra podnikovohospodárska